000 00448nam a2200169 i 4500
001 61503
003 ES-MaACL
005 20230906164454.0
007 t|
008 031112s1986 fr ||||1| fre d
020 _a2-246-30731-7
100 1 _aEwald, François.
_948411
245 1 2 _aL'etat providence /
_cFrançois Ewald.
260 _aParis :
_bBernard Grasset,
_c[1986]
300 _a608 p. ;
_c24 cm.
852 _aES-MaACL
_jL-11614
_bR.113335
999 _c61503
_d61503